| 000 | 01047cab a2200253 4500 | ||
|---|---|---|---|
| 001 | ABS60686 | ||
| 008 | 090401t1999 xxu||||| |||| 00| 0 eng d | ||
| 035 | _a(Sirsi) u93482 | ||
| 041 | _aeng | ||
| 100 | _aMADDEN, P. | ||
| 245 | _aAre project managers awake to perils of new legislation? | ||
| 260 | _c1999 | ||
| 350 | _a0 | ||
| 490 |
_aCSM _bChartered Surveyor Monthly _v8(9) May 1999, 42-43(2) |
||
| 520 | _aIn the first of two articles considers the serious implications of part II of the Housing Grants Construction and Regeneration Act 1996. This act affects almost all construction contracts, yet there is little published advice on the practical implications of this legislation, and what is required of a project manager. | ||
| 650 | _aBUILT ENVIRONMENT-BUILDING CONTRACT FORMS | ||
| 650 | _aHOUSING GRANTS CONSTRUCTION AND REGENERATION ACT 1996 | ||
| 650 | _aPROJECT MANAGERS | ||
| 650 | _aSTANDARD FORMS OF APPOINTMENT | ||
| 690 |
_aProject management _96261 |
||
| 700 | _aMILLS, R. | ||
| 942 | _n0 | ||
| 948 | _c20/05/1999 | ||
| 999 |
_c59238 _d59238 |
||